<?xml version="1.0" encoding="UTF-8"?>
<record
    xmlns:xsi="http://www.w3.org/2001/XMLSchema-instance"
    xsi:schemaLocation="http://www.loc.gov/MARC21/slim http://www.loc.gov/standards/marcxml/schema/MARC21slim.xsd"
    xmlns="http://www.loc.gov/MARC21/slim">

  <leader>01658nam a22002897a 4500</leader>
  <controlfield tag="001">8731</controlfield>
  <controlfield tag="003">FISKH</controlfield>
  <controlfield tag="005">20251014161907.0</controlfield>
  <controlfield tag="008">251014b        cb ||||| |||| 00| 0 eng d</controlfield>
  <datafield tag="020" ind1=" " ind2=" ">
    <subfield code="a">9789996388002</subfield>
  </datafield>
  <datafield tag="040" ind1=" " ind2=" ">
    <subfield code="a">FISKH</subfield>
    <subfield code="b">khr</subfield>
    <subfield code="c">FISKH</subfield>
    <subfield code="d">FISKH</subfield>
  </datafield>
  <datafield tag="050" ind1=" " ind2=" ">
    <subfield code="a">PZ7 </subfield>
  </datafield>
  <datafield tag="100" ind1=" " ind2=" ">
    <subfield code="a">Pisey, Pol </subfield>
  </datafield>
  <datafield tag="245" ind1=" " ind2=" ">
    <subfield code="a">&#x1787;&#x17B8;&#x1784; &#x1787;&#x17B8;&#x1784; &#x17A2;&#x17B6;&#x1794;&#x17CB;&#x178C;&#x17C2;&#x178F; ! : </subfield>
    <subfield code="b">Jing Jing update ! / </subfield>
    <subfield code="c">&#x17A2;&#x17D2;&#x1793;&#x1780;&#x179F;&#x17D2;&#x179A;&#x17B8; &#x1794;&#x17C9;&#x17BB;&#x179B; &#x1796;&#x17B7;&#x179F;&#x17B8;</subfield>
  </datafield>
  <datafield tag="260" ind1=" " ind2=" ">
    <subfield code="a">Phnom Penh : </subfield>
    <subfield code="b">Glory Printing House , </subfield>
    <subfield code="c">2014.</subfield>
  </datafield>
  <datafield tag="300" ind1=" " ind2=" ">
    <subfield code="a">28 pages : </subfield>
    <subfield code="b">color illustrations ;</subfield>
    <subfield code="c">26 cm . </subfield>
  </datafield>
  <datafield tag="505" ind1=" " ind2=" ">
    <subfield code="a">P 
</subfield>
  </datafield>
  <datafield tag="520" ind1=" " ind2=" ">
    <subfield code="a">&#x179A;&#x17BF;&#x1784;&#x1798;&#x17BD;&#x1799;&#x1793;&#x17C1;&#x17C7;&#x179B;&#x17BE;&#x1780;&#x1791;&#x17BA;&#x1780;&#x1785;&#x17B7;&#x178F;&#x17D2;&#x178F;&#x1794;&#x17D2;&#x17A2;&#x17BC;&#x1793;&#x17D7;&#x1780;&#x17BB;&#x1798;&#x17B6;&#x179A;&#x17A2;&#x17C4;&#x1799;&#x1780;&#x17D2;&#x179B;&#x17B6;&#x17A0;&#x17B6;&#x1793; &#x17A0;&#x17CA;&#x17B6;&#x1793;&#x1794;&#x1789;&#x17D2;&#x1785;&#x17C1;&#x1789;&#x179F;&#x1798;&#x178F;&#x17D2;&#x1790;&#x1797;&#x17B6;&#x1796;&#x1793;&#x17C3;&#x1785;&#x17C6;&#x178E;&#x17C1;&#x17C7;&#x179C;&#x17B7;&#x1787;&#x17D2;&#x1787;&#x17B6;&#x178A;&#x17C2;&#x179B;&#x1781;&#x17D2;&#x179B;&#x17BD;&#x1793;&#x1798;&#x17B6;&#x1793; &#x17D4;&#x200B; &#x17A0;&#x17BE;&#x1799;&#x179A;&#x17BF;&#x1784;&#x1793;&#x17C1;&#x17C7;&#x1780;&#x17CF;&#x17C1;&#x1787;&#x17BD;&#x1799;&#x1794;&#x1784;&#x17D2;&#x179A;&#x17C0;&#x1793;&#x1794;&#x17D2;&#x17A2;&#x17BC;&#x1793;&#x17D7;&#x1780;&#x17BB;&#x1798;&#x17B6;&#x179A;&#x17A2;&#x17C4;&#x1799;&#x1785;&#x17C1;&#x17C7;&#x179F;&#x17D2;&#x179A;&#x179B;&#x17B6;&#x1789;&#x17CB;&#x1799;&#x17BB;&#x178F;&#x17D2;&#x178F;&#x17B7;&#x1792;&#x1798;&#x17CF; &#x1793;&#x17B7;&#x1784;&#x1792;&#x17D2;&#x179C;&#x17BE;&#x1787;&#x17B6;&#x1798;&#x1793;&#x17BB;&#x179F;&#x17D2;&#x179F;&#x178A;&#x17C2;&#x179B;&#x1798;&#x17B6;&#x1793;&#x1791;&#x17C6;&#x1793;&#x17BD;&#x179B;&#x1781;&#x17BB;&#x179F;&#x178F;&#x17D2;&#x179A;&#x17BC;&#x179C;&#x1780;&#x17D2;&#x1793;&#x17BB;&#x1784;&#x1787;&#x17B7;&#x179C;&#x17B8;&#x178F;&#x179A;&#x179F;&#x17CB;&#x1793;&#x17C5;&#x1794;&#x17D2;&#x179A;&#x1785;&#x17B6;&#x17C6;&#x1790;&#x17D2;&#x1784;&#x17C3; &#x17D4; </subfield>
  </datafield>
  <datafield tag="520" ind1=" " ind2=" ">
    <subfield code="a">This story encourages children to be brave in using the abilities and knowledge they have . And it also make the children love justice and become responsible people in daily life . </subfield>
  </datafield>
  <datafield tag="521" ind1="8" ind2=" ">
    <subfield code="a">660 
</subfield>
    <subfield code="b">Lexile estimate 
</subfield>
  </datafield>
  <datafield tag="521" ind1="8" ind2=" ">
    <subfield code="a">P 
</subfield>
    <subfield code="b">Raz-Plus 
</subfield>
  </datafield>
  <datafield tag="650" ind1=" " ind2=" ">
    <subfield code="a">&#x1787;&#x17B8;&#x1784; &#x1787;&#x17B8;&#x1784; &#x17A2;&#x17B6;&#x1794;&#x17CB;&#x178C;&#x17C2;&#x178F; !</subfield>
  </datafield>
  <datafield tag="650" ind1=" " ind2=" ">
    <subfield code="a">Jing Jing update ! </subfield>
  </datafield>
  <datafield tag="700" ind1=" " ind2=" ">
    <subfield code="a">Marady, Pang </subfield>
    <subfield code="e">Illustrator </subfield>
  </datafield>
  <datafield tag="942" ind1=" " ind2=" ">
    <subfield code="2">ddc</subfield>
    <subfield code="c">KHB</subfield>
    <subfield code="n">0</subfield>
  </datafield>
  <datafield tag="999" ind1=" " ind2=" ">
    <subfield code="c">8731</subfield>
    <subfield code="d">8731</subfield>
  </datafield>
  <datafield tag="952" ind1=" " ind2=" ">
    <subfield code="0">0</subfield>
    <subfield code="1">0</subfield>
    <subfield code="2">ddc</subfield>
    <subfield code="4">0</subfield>
    <subfield code="7">0</subfield>
    <subfield code="8">Khmer-English Bilingual </subfield>
    <subfield code="a">002</subfield>
    <subfield code="b">002</subfield>
    <subfield code="c">TTP Khmer</subfield>
    <subfield code="d">2025-10-14</subfield>
    <subfield code="l">0</subfield>
    <subfield code="o">PIS PZ7</subfield>
    <subfield code="p">FIS05187</subfield>
    <subfield code="r">2025-10-14 16:19:04</subfield>
    <subfield code="t">1</subfield>
    <subfield code="w">2025-10-14</subfield>
    <subfield code="y">KHB</subfield>
  </datafield>
  <datafield tag="952" ind1=" " ind2=" ">
    <subfield code="0">0</subfield>
    <subfield code="1">0</subfield>
    <subfield code="2">ddc</subfield>
    <subfield code="4">0</subfield>
    <subfield code="7">0</subfield>
    <subfield code="8">Khmer-English Bilingual </subfield>
    <subfield code="a">002</subfield>
    <subfield code="b">002</subfield>
    <subfield code="c">TTP Khmer</subfield>
    <subfield code="d">2025-11-11</subfield>
    <subfield code="l">0</subfield>
    <subfield code="o">PIS PZ7</subfield>
    <subfield code="p">FIS05188</subfield>
    <subfield code="r">2025-11-11 13:48:06</subfield>
    <subfield code="t">2</subfield>
    <subfield code="w">2025-11-11</subfield>
    <subfield code="y">KHB</subfield>
  </datafield>
  <datafield tag="952" ind1=" " ind2=" ">
    <subfield code="0">0</subfield>
    <subfield code="1">0</subfield>
    <subfield code="2">ddc</subfield>
    <subfield code="4">0</subfield>
    <subfield code="7">0</subfield>
    <subfield code="8">Khmer-English Bilingual </subfield>
    <subfield code="a">002</subfield>
    <subfield code="b">001</subfield>
    <subfield code="c">TTP Khmer</subfield>
    <subfield code="d">2025-11-21</subfield>
    <subfield code="l">1</subfield>
    <subfield code="o">PIS PZ7</subfield>
    <subfield code="p">2025-4867</subfield>
    <subfield code="r">2025-12-18 14:55:05</subfield>
    <subfield code="s">2025-11-27</subfield>
    <subfield code="t">3</subfield>
    <subfield code="w">2025-11-21</subfield>
    <subfield code="y">KHB</subfield>
  </datafield>
</record>
